| Tag |
First Indicator |
Second Indicator |
Subfields |
| LEADER |
00000cam a22000001 4500 |
| 001 |
in00000038916 |
| 005 |
20151007081359.0 |
| 008 |
800424s1928 mdu 000 0 eng |
| 010 |
|
|
|a 28008192
|
| 016 |
7 |
|
|a 44420160R
|2 DNLM
|
| 019 |
|
|
|a 4624543
|a 6243916
|
| 029 |
0 |
|
|a NLM
|b 44420160R
|
| 029 |
1 |
|
|a NLGGC
|b 115292675
|
| 035 |
|
|
|a (OCoLC)ocm14190349
|
| 035 |
|
|
|9 AAF6291AM
|
| 040 |
|
|
|a DNLM
|c NLM
|d DLC
|d TXA
|d DRB
|d CLE
|d SER
|d BTCTA
|d CGC
|d UtOrBLW
|
| 049 |
|
|
|a TXAM
|
| 050 |
0 |
0 |
|a RC628
|b .B7
|
| 060 |
0 |
0 |
|a WM 300
|b B876m 1928
|
| 060 |
0 |
0 |
|a Film 11600 no. 1
|
| 082 |
0 |
4 |
|a 132.2432
|b B876m, 1928r
|
| 082 |
0 |
4 |
|a 173.2
|b 194
|
| 090 |
|
|
|a RC628
|b .B7 1928a
|
| 100 |
1 |
|
|a Brousseau, Kate,
|d 1862-1938.
|
| 245 |
1 |
0 |
|a Mongolism, a study of the physical and mental characteristics of mongolian imbeciles /
|c by Kate Brousseau ... revised by H. G. Brainerd ...
|
| 264 |
|
1 |
|a Baltimore :
|b The Williams & Wilkins company,
|c 1928.
|
| 300 |
|
|
|a viii, 210 pages :
|b illustrations, plates.
|
| 336 |
|
|
|a text
|b txt
|2 rdacontent
|
| 337 |
|
|
|a unmediated
|b n
|2 rdamedia
|
| 338 |
|
|
|a volume
|b nc
|2 rdacarrier
|
| 500 |
|
|
|a Reprinted by University Microfilms.
|
| 504 |
|
|
|a Bibliography: pages 185-203.
|
| 510 |
4 |
|
|a Garrison-Morton (5th ed.)
|c 4958
|
| 650 |
|
2 |
|a Down Syndrome.
|
| 650 |
|
0 |
|a Down syndrome.
|
| 650 |
|
0 |
|a People with mental disabilities.
|
| 700 |
1 |
|
|a Brainerd, H. G.
|q (Henry Green),
|d 1852-1928.
|
| 938 |
|
|
|a Baker and Taylor
|b BTCP
|n 28008192
|
| 994 |
|
|
|a C0
|b TXA
|
| 999 |
|
|
|a MARS
|
| 999 |
f |
f |
|s 1146890b-3894-34f0-9f63-75f5a281ef91
|i fc2be491-abda-3af9-9a5a-353ab0ae5c1b
|t 0
|
| 952 |
f |
f |
|p ric
|a Texas A&M University
|b Rellis Campus
|c Joint Library Facility
|d Remote Storage
|t 0
|e RC628 .B7 1928a
|h Library of Congress classification
|i unmediated -- volume
|m A14800511731
|
| 998 |
f |
f |
|a RC628 .B7 1928a
|t 0
|l Remote Storage
|